<?xml version="1.0" encoding="UTF-8"?><OAI-PMH xmlns="http://www.openarchives.org/OAI/2.0/" xmlns:xsi="http://www.w3.org/2001/XMLSchema-instance"     xsi:schemaLocation="http://www.openarchives.org/OAI/2.0/ http://www.openarchives.org/OAI/2.0/OAI-PMH.xsd"><responseDate>2026-05-15T10:35:55Z</responseDate><request verb="GetRecord" identifier="oai:regmurcia.com:fintegr.152" metadataPrefix="marc21">http://oai.regmurcia.com/oai2/oai2.php</request><GetRecord><record><header><identifier>oai:regmurcia.com:fintegr.152</identifier><datestamp>2026-05-15</datestamp><setSpec>documentos</setSpec></header><metadata><record  xmlns="http://www.loc.gov/MARC21/slim" xmlns:xsi="http://www.w3.org/2001/XMLSchema-instance" xsi:schemaLocation="http://www.loc.gov/MARC21/slim http://www.loc.gov/standards/marcxml/schema/MARC21slim.xsd" type="Bibliographic"><leader>00000nam a2200000   4500</leader><controlfield tag="001" >005071549</controlfield><controlfield tag="003" >152</controlfield><controlfield tag="004" >A00000000</controlfield><datafield tag="245" ind1=" " ind2=" "><subfield code="a">Provisión de Juan II al concejo de Murcia para que nombre tres candidatos de entre los cuales él elegirá para cubrir una vacante de regidor.</subfield></datafield><datafield tag="300" ind1=" " ind2=" "><subfield code="c">253 x 333 mm.</subfield></datafield><datafield tag="351" ind1=" " ind2=" "><subfield code="a">Unidad Documental</subfield><subfield code="c">Archivo de Murcia. Array</subfield><subfield code="a">Unidad Documental</subfield><subfield code="c">Archivo de Murcia. Array</subfield></datafield><datafield tag="351" ind1=" " ind2=" "><subfield code="b">Nº 19</subfield></datafield><datafield tag="505" ind1=" " ind2=" "><subfield code="a">/codom/16/157.pdf</subfield></datafield><datafield tag="506" ind1=" " ind2=" "><subfield code="a">Acceso restringido</subfield></datafield><datafield tag="510" ind1=" " ind2=" "><subfield code="a">Pub. ABELLÁN PÉREZ, JUAN. Documentos de Juan II. Murcia: Academia Alfonso X el Sabio, 1984, pp. 401-402</subfield></datafield><datafield tag="520" ind1=" " ind2=" "><subfield code="a">Ante la negativa del concejo de Murcia, basándose en sus privilegios, de recibir a Pedro de Ayala como regidor, Juan II ordena que se reuna y le den tres candidatos para que él pueda elegir uno, que cubra el regimiento vacante por la deserción de Alfonso Fajardo a Aragón. Apremiando al concejo para que lo haga en los plazos que se le marcan, sino el rey nombrará a quien él considere oportuno.</subfield></datafield><datafield tag="583" ind1=" " ind2=" "><subfield code="u">http://www.regmurcia.com/servlet/s.Sl?METHOD=VERDOCUMENTO&amp;sit=serv,Carmesi&amp;n=/01/749/indice.djvu</subfield></datafield><datafield tag="592" ind1=" " ind2=" "><subfield code="a">1430-02-13</subfield></datafield><datafield tag="592" ind1=" " ind2=" "><subfield code="d">1430-02-13 00:00:00</subfield></datafield><datafield tag="651" ind1=" " ind2=" "><subfield code="a">Medina del Campo</subfield></datafield><datafield tag="786" ind1=" " ind2=" "><subfield code="o">http://www.regmurcia.com/servlet/s.Sl?METHOD=VERDOCUMENTO&amp;sit=serv,Carmesi&amp;n=/01/749/indice.djvu</subfield></datafield><datafield tag="856" ind1=" " ind2=" "><subfield code="u">http://www.regmurcia.com/servlet/s.Sl?METHOD=DETALLE&amp;sit=c,373,m,139,serv,Carmesi&amp;id=152</subfield></datafield></record></metadata></record></GetRecord></OAI-PMH>
